[Event "Finala Campionatului National Individua"]
[Site "Calimanesti"]
[Date "2017.04.02"]
[Round "9.24"]
[White "Stancu, Robert Alexandru"]
[Black "Fluerariu, Radu-Cristian"]
[Result "1/2-1/2"]
[WhiteElo "2088"]
[BlackElo "2030"]
[PlyCount "87"]
[EventDate "2017.03.25"]
[EventRounds "9"]

1. d4 Nf6 2. Nf3 g6 3. Nbd2 d5 4. b4 Bg7 5. e3 O-O 6. Bb2 c6 7. c4 b6 8. Be2
Bb7 9. O-O Nbd7 10. Qb3 e6 11. Rfd1 Ne4 12. Nxe4 dxe4 13. Nd2 f5 14. c5 Qe7 15.
Nc4 Ba6 16. Qc2 Bxc4 17. Bxc4 b5 18. Bb3 Nf6 19. a4 a6 20. axb5 axb5 21. Ra5
Rxa5 22. bxa5 Ra8 23. Ra1 Ra6 24. Bc3 Nd5 25. Be1 Qg5 26. Kf1 Bf6 27. Bd2 Bd8
28. h3 Bc7 29. Qb1 Kf7 30. Qe1 Ke7 31. Qe2 Kd7 32. f3 Nf6 33. Be1 exf3 34. Qxf3
Ne4 35. Ke2 Bg3 36. Bb4 Bc7 37. Kd3 Qd8 38. Qe2 Ng3 39. Qa2 Qf6 40. Be1 Ne4 41.
Rd1 Ke7 42. Ke2 Qg5 43. Kd3 Qf6 44. Ke2 1/2-1/2

[Event "Finala Campionatului National Individua"]
[Site "Calimanesti"]
[Date "2017.04.01"]
[Round "8.30"]
[White "Fluerariu, Radu-Cristian"]
[Black "Secrieru, Andrei-Cristian"]
[Result "1-0"]
[WhiteElo "2030"]
[BlackElo "1822"]
[PlyCount "237"]
[EventDate "2017.03.25"]
[EventRounds "9"]

1. e4 c5 2. c3 Nf6 3. e5 Nd5 4. Nf3 e6 5. Bc4 Nb6 6. Bb3 d6 7. exd6 Bxd6 8. O-O
O-O 9. d3 Nc6 10. Be3 Qe7 11. Qe2 Nd5 12. Na3 a6 13. Nc4 Nxe3 14. fxe3 Bc7 15.
e4 b5 16. Ne3 Na5 17. Bc2 Bb7 18. Nd2 Rac8 19. Rf3 f5 20. Rh3 f4 21. Ng4 e5 22.
Nf3 Bd8 23. Kf1 Qc7 24. Kg1 Bf6 25. Nxf6+ Rxf6 26. Nh4 Bc6 27. Nf5 Be8 28. g3
g6 29. Nh6+ Kg7 30. Ng4 Rf8 31. gxf4 Rxf4 32. Ne3 Bc6 33. Ng2 Rf6 34. Qe3 Qf7
35. b4 cxb4 36. cxb4 Bd7 37. Rg3 Rxc2 38. bxa5 Rxa2 39. Rc1 Rxa5 40. d4 exd4
41. Qxd4 Ra4 42. Qe3 Rc4 43. Rd1 Be6 44. h4 h5 45. Kh2 Bg4 46. Rd8 Rc8 47. Rd5
Re8 48. Qd4 Kh7 49. Rc3 Be6 50. Rg5 Qe7 51. Rc6 Rd8 52. Qe5 Kg7 53. Nf4 Kf7 54.
Rg2 Bg4 55. Rc7 Rd7 56. Qd5+ Rxd5 57. Rxe7+ Kxe7 58. Nxd5+ Ke6 59. Nxf6 Kxf6
60. Ra2 Ke5 61. Rxa6 Kxe4 62. Rb6 Be2 63. Rxg6 Kd3 64. Rb6 Kc3 65. Rc6+ Kb3 66.
Kg2 b4 67. Kf2 Bg4 68. Ke3 Kb2 69. Kd2 b3 70. Rb6 Bf3 71. Rb5 Bg4 72. Rb6 Bf3
73. Kd3 Bg4 74. Rb8 Bd1 75. Kd2 Bg4 76. Rb6 Bf3 77. Ke3 Bd1 78. Kd2 Bg4 79. Rf6
Bh3 80. Rf8 Bg4 81. Rf2 Ka3 82. Kc3 Ka4 83. Rf4+ Ka3 84. Rf8 Ka4 85. Ra8+ Kb5
86. Kxb3 Kc5 87. Rd8 Kc6 88. Rd2 Bf3 89. Kc4 Bg4 90. Rd4 Be6+ 91. Kc3 Bd5 92.
Rf4 Be6 93. Rd4 Bd5 94. Rf4 Be6 95. Kd4 Kd6 96. Re4 Bf5 97. Re5 Bg4 98. Ke4 Kd7
99. Kf4 Kd6 100. Re1 Kd7 101. Kg5 Kd6 102. Re3 Kd7 103. Kf6 Kd6 104. Rd3+ Kc5
105. Rd8 Bf3 106. Ke5 Kc6 107. Rd6+ Kc5 108. Rd3 Bg4 109. Rc3+ Kb4 110. Rc7 Kb5
111. Kf4 Kb6 112. Rc1 Kb5 113. Kg5 Kb4 114. Rc7 Kb5 115. Rh7 Kc6 116. Rxh5 Bxh5
117. Kxh5 Kd7 118. Kg6 Ke7 119. Kg7 1-0

[Event "Finala Campionatului National Individua"]
[Site "Calimanesti"]
[Date "2017.03.30"]
[Round "6.23"]
[White "Fluerariu, Radu-Cristian"]
[Black "Scripcaru, George Daniel"]
[Result "0-1"]
[WhiteElo "2030"]
[BlackElo "2313"]
[PlyCount "116"]
[EventDate "2017.03.25"]
[EventRounds "9"]

1. Nf3 d5 2. g3 Nf6 3. Bg2 c6 4. O-O Bg4 5. b3 Nbd7 6. Bb2 e6 7. d3 Bd6 8. Nbd2
Qc7 9. e4 O-O 10. h3 Bh5 11. g4 Bg6 12. Nh4 Rad8 13. Nxg6 hxg6 14. Qe2 Qb8 15.
Rad1 Rfe8 16. c4 dxe4 17. Nxe4 Nxe4 18. Bxe4 Nf6 19. Bg2 Be5 20. d4 Bf4 21. d5
cxd5 22. Bxf6 gxf6 23. cxd5 exd5 24. Rxd5 Rxd5 25. Bxd5 Kg7 26. Rd1 Re7 27. Qc4
Re5 28. Qc5 Re2 29. Bc4 Be3 30. Qd6 Qxd6 31. Rxd6 Rxf2 32. Rd3 Bb6 33. Kh1 Rxa2
34. Rd7 Kh6 35. Bxf7 Kg5 36. Rd3 Bc7 37. Kg1 Be5 38. Be8 a6 39. Kf1 b5 40. Rf3
Rh2 41. Bd7 Kh4 42. Bc8 a5 43. Bd7 Rxh3 44. Rxh3+ Kxh3 45. Kf2 a4 46. bxa4 bxa4
47. Bxa4 Kxg4 48. Ke3 f5 49. Bd7 Kg3 50. Be8 g5 51. Bc6 Bb8 52. Bd5 f4+ 53. Ke2
g4 54. Kf1 Ba7 55. Bc6 f3 56. Bd7 Kf4 57. Bxg4 Kxg4 58. Ke1 Kg3 0-1

[Event "Finala Campionatului National Individua"]
[Site "Calimanesti"]
[Date "2017.03.29"]
[Round "5.20"]
[White "Toma Andreica, Alin"]
[Black "Fluerariu, Radu-Cristian"]
[Result "1/2-1/2"]
[WhiteElo "2199"]
[BlackElo "2030"]
[PlyCount "71"]
[EventDate "2017.03.25"]
[EventRounds "9"]

1. e4 e6 2. g3 d5 3. Bg2 Nf6 4. e5 Nfd7 5. d4 c5 6. c3 Nc6 7. Ne2 Qc7 8. O-O b6
9. c4 dxc4 10. d5 exd5 11. Qxd5 Ndxe5 12. Bf4 Rb8 13. Qxc6+ Qxc6 14. Bxc6+ Nxc6
15. Bxb8 Nxb8 16. Nd2 Be7 17. Nxc4 O-O 18. Nf4 Bb7 19. Rad1 Bf6 20. Nd5 Bd4 21.
Ne7+ Kh8 22. Nf5 Nc6 23. Rfe1 b5 24. Ncd6 Ba8 25. Nxb5 Bxb2 26. Nfd6 Nd8 27.
Rd2 Bf6 28. Ne8 Bc6 29. Nxf6 gxf6 30. Nc7 Nb7 31. Nd5 Rd8 32. Red1 Ba4 33. Rb1
Bc6 34. Rbd1 Ba4 35. Rb1 Bc6 36. Rbd1 1/2-1/2

[Event "Finala Campionatului National Individua"]
[Site "Calimanesti"]
[Date "2017.03.27"]
[Round "3.18"]
[White "Ionescu, Mihai"]
[Black "Fluerariu, Radu-Cristian"]
[Result "1-0"]
[WhiteElo "2274"]
[BlackElo "2030"]
[PlyCount "115"]
[EventDate "2017.03.25"]
[EventRounds "9"]

1. Nf3 c5 2. b3 d5 3. e3 Nc6 4. Bb2 e6 5. Bb5 Bd7 6. O-O Nf6 7. c4 Be7 8. cxd5
exd5 9. d4 a6 10. Bxc6 bxc6 11. dxc5 Bxc5 12. Ne5 Be7 13. Nd2 O-O 14. Rc1 Rc8
15. Qe2 Qa5 16. Nxd7 Nxd7 17. Bxg7 Kxg7 18. Qg4+ Kf6 19. Nf3 Nb6 20. Qg5+ Ke6
21. Nd4+ Kd7 22. Qf5+ Kd6 23. e4 c5 24. Qf4+ Kd7 25. Nf5 d4 26. Qe5 Rfe8 27.
Nxd4 Bd6 28. Qf5+ Kc7 29. Qxf7+ Re7 30. Qh5 Rd7 31. Nf5 Bf4 32. Rc2 Kb7 33. g3
Be5 34. Rfc1 Qb4 35. Qe2 Rc6 36. f4 Bd4+ 37. Kg2 Re6 38. Qf3 Ka7 39. h4 Bb2 40.
Rf1 Rd2+ 41. Rxd2 Qxd2+ 42. Rf2 Qc3 43. Qh5 Qf6 44. Qxh7+ Kb8 45. e5 Bxe5 46.
fxe5 Qxe5 47. Qg8+ Re8 48. Qg6 Re6 49. Qg5 Nd5 50. Qd8+ Kb7 51. Rd2 Qe4+ 52.
Kh2 Nf6 53. Nd6+ Rxd6 54. Qxd6 Ng4+ 55. Kh3 Ne3 56. Qd7+ Kb8 57. Qd8+ Kb7 58.
Rd7+ 1-0

[Event "Campionatul National de sah al Romaniei"]
[Site "Baile Felix"]
[Date "2017.02.09"]
[Round "9.5"]
[White "Mongescu, Victor"]
[Black "Fluerariu, Radu-Cristian"]
[Result "0-1"]
[WhiteElo "2016"]
[BlackElo "1982"]
[PlyCount "134"]
[EventDate "2017.02.02"]
[EventRounds "9"]

1. e4 e6 2. d4 d5 3. Nd2 Nf6 4. Bd3 c5 5. c3 Nc6 6. Ngf3 cxd4 7. cxd4 dxe4 8.
Nxe4 Be7 9. O-O O-O 10. Nc3 a6 11. Be3 b5 12. a4 b4 13. Ne4 Bb7 14. Nc5 Bxc5
15. dxc5 Qd5 16. Qe2 Ne5 17. Ne1 Nxd3 18. Qxd3 Qh5 19. f3 a5 20. Qc2 Nd5 21.
Bd2 Qe5 22. Rf2 Ba6 23. Rc1 Rac8 24. f4 Qf6 25. f5 e5 26. Nf3 Rfe8 27. Qe4 Bb7
28. Bg5 Qa6 29. Qe1 f6 30. Be3 Qd3 31. Re2 Qxf5 32. Rd2 Nf4 33. Bxf4 Qxf4 34.
Qd1 e4 35. Nd4 Kh8 36. c6 Ba6 37. Nb5 e3 38. Re2 Rcd8 39. Qe1 Qe5 40. h3 Bxb5
41. axb5 Qxb5 42. Kh1 Qb6 43. Qg3 Rc8 44. Qf3 h6 45. Qd5 Red8 46. Qe6 Re8 47.
Qd5 Qc7 48. Qf3 Re6 49. Rxe3 Rxc6 50. Rce1 Rc1 51. Qf5 Rxe1+ 52. Rxe1 Rd8 53.
Qb5 Qd7 54. Qxa5 Qd2 55. Re4 Qd1+ 56. Kh2 Qd6+ 57. Kh1 Rc8 58. Re1 Qd2 59. Rf1
Qxb2 60. Qb6 b3 61. Re1 Qc2 62. Qb5 b2 63. Kh2 Qc7+ 64. Kh1 Qc1 65. Rg1 Qxg1+
66. Kxg1 Rc1+ 67. Kh2 b1=Q 0-1

[Event "Campionatul National de sah al Romaniei"]
[Site "Baile Felix"]
[Date "2017.02.08"]
[Round "8.6"]
[White "Fluerariu, Radu-Cristian"]
[Black "Farcadi, Hunor"]
[Result "1-0"]
[WhiteElo "1982"]
[BlackElo "1838"]
[PlyCount "83"]
[EventDate "2017.02.02"]
[EventRounds "9"]

1. c4 Nf6 2. Nc3 g6 3. e4 d6 4. d4 Bg7 5. Nf3 O-O 6. h3 e5 7. d5 Ne8 8. g4 a5
9. Bg5 Qd7 10. Be2 Na6 11. Qc2 Nc5 12. Be3 Qe7 13. Bxc5 dxc5 14. O-O-O Nd6 15.
Nd2 Bd7 16. h4 h6 17. Kb1 b6 18. a4 Rac8 19. Nb5 Bxb5 20. cxb5 Ra8 21. Rdg1
Rad8 22. Qd1 Rd7 23. g5 h5 24. Bxh5 gxh5 25. Qxh5 Ne8 26. Qg4 Rd6 27. h5 Qd7
28. Qg2 Kh7 29. Nc4 Qe7 30. Nxd6 Qxd6 31. Qg4 Rh8 32. Qf5+ Kg8 33. h6 Qg6 34.
hxg7 Rxh1 35. Rxh1 Qxf5 36. exf5 Kxg7 37. Re1 f6 38. f4 fxg5 39. fxg5 Nd6 40.
Rxe5 Kf7 41. Re6 Nc4 42. g6+ 1-0

[Event "Campionatul National de sah al Romaniei"]
[Site "Baile Felix"]
[Date "2017.02.07"]
[Round "7.7"]
[White "Dicu, Dan Alexandru"]
[Black "Fluerariu, Radu-Cristian"]
[Result "1/2-1/2"]
[WhiteElo "1961"]
[BlackElo "1982"]
[PlyCount "239"]
[EventDate "2017.02.02"]
[EventRounds "9"]

1. e4 e6 2. d4 d5 3. Nd2 Nf6 4. Bd3 c5 5. c3 Nc6 6. Ngf3 cxd4 7. cxd4 dxe4 8.
Nxe4 Be7 9. O-O O-O 10. Nc3 a6 11. a3 b5 12. Be3 Bb7 13. Qe2 Rc8 14. Rad1 Na5
15. Ne5 Nd5 16. Ne4 Nc4 17. Bc1 Nxe5 18. dxe5 Rxc1 19. Rxc1 Nf4 20. Qg4 Nxd3
21. Rfd1 Nxc1 22. Rxd8 Rxd8 23. h4 Rd4 24. f3 Bxe4 25. fxe4 Nd3 26. Qg3 Bc5 27.
Kh2 Nxe5 28. Qc3 Nd7 29. b4 Bd6+ 30. g3 Be5 31. Qc8+ Nf8 32. Qc6 Rd3 33. Qxa6
Bxg3+ 34. Kg2 Bxh4 35. a4 Rd2+ 36. Kh3 Be7 37. axb5 Bxb4 38. b6 Bd6 39. b7 Be5
40. Qb5 Bb8 41. Qe8 Be5 42. b8=Q Bxb8 43. Qxb8 Re2 44. Qa8 Rf2 45. Kg3 Rf1 46.
Qa6 Rf6 47. Qb5 h6 48. Qb8 g5 49. Qd8 Kg7 50. Qd4 Ng6 51. Kg4 e5 52. Qd5 Rf4+
53. Kg3 h5 54. Kh2 g4 55. Kg1 h4 56. Kg2 h3+ 57. Kh2 Rf2+ 58. Kg1 g3 59. Qb5
Rf3 60. Qe2 Nh4 61. Qb5 Ng6 62. Qe2 Rf2 63. Qb5 Rd2 64. Qb3 Rg2+ 65. Kh1 Rh2+
66. Kg1 Rg2+ 67. Kh1 Re2 68. Qxg3 Rxe4 69. Qf3 Rf4 70. Qc3 Rg4 71. Kh2 Rh4 72.
Qe3 Rh5 73. Qf3 Rh6 74. Qd3 Rh8 75. Qe4 Rh4 76. Qe3 Kf6 77. Qf2+ Ke6 78. Qa2+
Ke7 79. Qa7+ Kf8 80. Qc5+ Kg8 81. Qe3 Kg7 82. Qc3 f6 83. Qc7+ Kh6 84. Qb6 Kg5
85. Qb8 Nf4 86. Qg8+ Kf5 87. Qe8 Ne6 88. Qd7 Rh6 89. Qd3+ Kg4 90. Qg3+ Kh5 91.
Kxh3 Nf4+ 92. Kh2 f5 93. Qg7 Ng6 94. Kg3 Kg5 95. Qg8 Rh8 96. Qe6 Ra8 97. Qd6
Rc8 98. Qd2+ f4+ 99. Kf3 Nh4+ 100. Kf2 Ng6 101. Kf3 Nh4+ 102. Kf2 Rh8 103. Qd5
Ng6 104. Kg2 Rf8 105. Kf3 Rc8 106. Qd1 Rc3+ 107. Kf2 Rc8 108. Kf3 Rf8 109. Qg1+
Kh6 110. Qb6 Kg5 111. Qe6 Nh4+ 112. Kf2 Ng6 113. Kf3 Rf5 114. Ke4 Rf6 115. Qh3
Rf8 116. Qg2+ Kf6 117. Qe2 Kg5 118. Qg2+ Kh6 119. Qh2+ Kg7 120. Kf3 1/2-1/2

[Event "Campionatul National de sah al Romaniei"]
[Site "Baile Felix"]
[Date "2017.02.06"]
[Round "6.9"]
[White "Fluerariu, Radu-Cristian"]
[Black "Ion, Dragos-Cosmin"]
[Result "1-0"]
[WhiteElo "1982"]
[BlackElo "1843"]
[PlyCount "89"]
[EventDate "2017.02.02"]
[EventRounds "9"]

1. c4 Nf6 2. Nc3 g6 3. e4 d6 4. d4 Bg7 5. Nf3 O-O 6. h3 e5 7. d5 Nh5 8. Nh2 Na6
9. Be3 Nc5 10. g3 a5 11. Bg2 Bd7 12. Bf3 Be8 13. Bxh5 gxh5 14. g4 c6 15. Rg1 h4
16. Nf3 b5 17. dxc6 b4 18. Bxc5 bxc3 19. Qxd6 Qxd6 20. Bxd6 Bxc6 21. Bxf8 cxb2
22. Rb1 Bxe4 23. Bxg7 Bxb1 24. Bxe5 Re8 25. Kd2 Be4 26. Bxb2 Bxf3 27. Bf6 Re2+
28. Kc3 Rxa2 29. Rb1 h6 30. Bxh4 Kg7 31. Rb6 Bg2 32. c5 Bxh3 33. c6 Bxg4 34. c7
Ra1 35. Kb2 Ra4 36. Bf6+ Kh7 37. Kc3 Ra1 38. Kb2 Ra4 39. Kc3 Ra1 40. Kb2 Ra4
41. Kc3 Ra1 42. Kc4 Rc1+ 43. Bc3 a4 44. Rb8 Rf1 45. Rh8+ 1-0

[Event "Campionatul National de sah al Romaniei"]
[Site "Baile Felix"]
[Date "2017.02.05"]
[Round "5.9"]
[White "Cotruta, Alexandru-Mihai"]
[Black "Fluerariu, Radu-Cristian"]
[Result "1/2-1/2"]
[WhiteElo "1854"]
[BlackElo "1982"]
[PlyCount "79"]
[EventDate "2017.02.02"]
[EventRounds "9"]

1. d4 d6 2. e4 g6 3. c4 Bg7 4. Nc3 Nf6 5. Bg5 Nc6 6. Nf3 Bg4 7. Be2 O-O 8. O-O
Bxf3 9. Bxf3 e5 10. dxe5 Nxe5 11. Be2 Qd7 12. h4 Nc6 13. Bxf6 Bxf6 14. e5 Bg7
15. c5 Rfd8 16. Bg4 Qe8 17. cxd6 cxd6 18. exd6 Nd4 19. d7 Qe5 20. Kh1 f5 21.
Nd5 Qe6 22. Nc7 Qxd7 23. Nxa8 fxg4 24. Nc7 Qxc7 25. Qxg4 Nf5 26. Qe2 Qc6 27.
Rac1 Qf6 28. Rc7 Qb6 29. Qc4+ Kh8 30. Qf7 Qxf2 31. Qc4 Qd4 32. Qb3 Re8 33. g3
Qd2 34. Rg1 h6 35. g4 Ne3 36. Qxb7 Rg8 37. Qe4 Bxb2 38. Rb7 Bg7 39. Rb3 Nxg4
40. Qe2 {indescifrabil} 1/2-1/2

[Event "Campionatul National de sah al Romaniei"]
[Site "Baile Felix"]
[Date "2017.02.05"]
[Round "4.4"]
[White "Fluerariu, Radu-Cristian"]
[Black "Stoleriu , George"]
[Result "0-1"]
[WhiteElo "1982"]
[BlackElo "2202"]
[PlyCount "82"]
[EventDate "2017.02.02"]
[EventRounds "9"]

1. Nf3 Nf6 2. c4 e6 3. Nc3 b6 4. e4 d6 5. d3 Bb7 6. g3 Nbd7 7. Bg2 g6 8. O-O
Bg7 9. Qc2 O-O 10. Rb1 a5 11. a3 Ng4 12. d4 e5 13. d5 Ba6 14. b3 h6 15. h3 Ngf6
16. Bd2 Nh5 17. Nh2 f5 18. Bf3 f4 19. Ne2 fxg3 20. fxg3 Nhf6 21. Rf2 b5 22. g4
Nh7 23. Bg2 Rxf2 24. Kxf2 bxc4 25. bxc4 Qh4+ 26. Kg1 Nb6 27. Rb5 Bxb5 28. cxb5
Qd8 29. a4 Nf6 30. Nf1 Nfd7 31. Ne3 Nc5 32. Nc3 Bf6 33. Bf1 Bg5 34. Bc1 Qf6 35.
Be2 Rf8 36. Ned1 Bxc1 37. Qxc1 Qf4 38. Qe3 Qxe3+ 39. Nxe3 Nbxa4 40. Ned1 Nxc3
41. Nxc3 Rf4 0-1

[Event "Campionatul National de sah al Romaniei"]
[Site "Baile Felix"]
[Date "2017.02.04"]
[Round "3.1"]
[White "Ciorica, Mihai Vlad"]
[Black "Fluerariu, Radu-Cristian"]
[Result "1-0"]
[WhiteElo "2059"]
[BlackElo "1982"]
[PlyCount "158"]
[EventDate "2017.02.02"]
[EventRounds "9"]

1. d4 d6 2. c4 e5 3. Nf3 e4 4. Ng5 f5 5. Nc3 Be7 6. Nh3 Nf6 7. g3 c6 8. Bg2 Na6
9. O-O Nc7 10. d5 cxd5 11. cxd5 O-O 12. f3 exf3 13. exf3 Nd7 14. f4 Bf6 15. Be3
Nb6 16. Qb3 Na6 17. a4 Nd7 18. Nf2 Ndc5 19. Qc4 Qa5 20. Nb5 Qd8 21. b4 Bxa1 22.
bxc5 Bf6 23. Nxd6 Qe7 24. Nxc8 Qxe3 25. d6+ Kh8 26. Bxb7 Raxc8 27. Bxc8 Nxc5
28. Bxf5 Bd4 29. Bb1 Ne6 30. Qd3 Qxd3 31. Bxd3 Rd8 32. Bc4 Rxd6 33. Re1 Nc7 34.
Kg2 Rc6 35. Bb5 Rc2 36. Re2 Rxe2 37. Bxe2 Nd5 38. Bb5 g6 39. Ne4 Kg7 40. Kf3
Nc3 41. Ng5 Bb6 42. Ne6+ Kf6 43. Nf8 Kg7 44. Nd7 Bd4 45. g4 h6 46. h4 Kf7 47.
g5 hxg5 48. hxg5 Ke6 49. Nb8 Kd6 50. Be8 Kc7 51. Nc6 Bg7 52. Nb4 Kd6 53. Nc6
Nxa4 54. Nxa7 Nc3 55. Bxg6 Kc7 56. Be8 Bd4 57. Nc6 Bg7 58. Ne7 Kd8 59. Nf5 Bf8
60. Bf7 Nb5 61. g6 Kd7 62. g7 Bxg7 63. Nxg7 Ke7 64. Bc4 Nd6 65. Bd3 Kf6 66.
Nh5+ Ke6 67. Kg4 Ke7 68. Ng3 Kf7 69. Ne2 Ne8 70. f5 Kg7 71. Bb5 Nc7 72. Bc6 Na6
73. Kg5 Nb4 74. f6+ Kf8 75. Bb7 Nd3 76. Kf5 Nb2 77. Ng3 Nc4 78. Ke6 Kg8 79. f7+
Kf8 1-0

[Event "Campionatul National de sah al Romaniei"]
[Site "Baile Felix"]
[Date "2017.02.03"]
[Round "2.2"]
[White "Fluerariu, Radu-Cristian"]
[Black "Ciorgovean, Iustin"]
[Result "1-0"]
[WhiteElo "1982"]
[BlackElo "2112"]
[PlyCount "113"]
[EventDate "2017.02.02"]
[EventRounds "9"]

1. c4 g6 2. Nc3 Bg7 3. d4 Nf6 4. e4 d6 5. Nf3 O-O 6. h3 a6 7. Be3 Nbd7 8. Qc2
c5 9. d5 e6 10. dxe6 fxe6 11. Rd1 Qc7 12. Qd2 Ne8 13. Be2 Ne5 14. Nxe5 Bxe5 15.
f4 Bd4 16. O-O e5 17. fxe5 Rxf1+ 18. Rxf1 dxe5 19. Nd5 Qd6 20. Kh1 Bxe3 21.
Qxe3 Be6 22. Rd1 Kg7 23. Nf4 Qc6 24. Qc3 Bf7 25. Qxe5+ Qf6 26. Qxf6+ Nxf6 27.
e5 Ne4 28. Rd7 Ng3+ 29. Kh2 Nxe2 30. Nxe2 Re8 31. Rxb7 Rxe5 32. Nc3 Kf6 33. b3
h5 34. Rb6+ Re6 35. Ne4+ Ke5 36. Rxe6+ Bxe6 37. Nxc5 Bf5 38. Nxa6 Bb1 39. Nb4
Kd4 40. Kg3 Kc3 41. Nd5+ Kd4 42. a4 Bc2 43. a5 Bxb3 44. a6 Bxc4 45. Nc7 Bxa6
46. Nxa6 Ke3 47. h4 Ke4 48. Nc5+ Ke5 49. Kf3 Kf5 50. Ne4 Ke5 51. Ng3 Ke6 52.
Kf4 Kf6 53. Ne4+ Kf7 54. Kg5 Kg7 55. Nd6 Kh7 56. Nf7 Kg7 57. Ne5 1-0

[Event "Campionatul National de sah al Romaniei"]
[Site "Baile Felix"]
[Date "2017.02.02"]
[Round "1.12"]
[White "Mortu, Adrian"]
[Black "Fluerariu, Radu-Cristian"]
[Result "0-1"]
[WhiteElo "1699"]
[BlackElo "1982"]
[PlyCount "46"]
[EventDate "2017.02.02"]
[EventRounds "9"]

1. e4 c5 2. Ne2 g6 3. g3 Bg7 4. Bg2 Nc6 5. O-O d6 6. c3 Bd7 7. d3 h5 8. f4 Qc8
9. Nd2 h4 10. Nf3 hxg3 11. hxg3 Bh3 12. Nh4 Qg4 13. Bf3 Qd7 14. Rf2 Nf6 15. Rh2
Bg4 16. Qf1 O-O-O 17. Be3 Bxf3 18. Qxf3 Ng4 19. Rh1 Bf6 20. Re1 Rh7 21. Kg2
Rdh8 22. Rh3 g5 23. fxg5 Nce5 0-1

[Event "?"]
[Site "?"]
[Date "2016.12.29"]
[Round "6.2"]
[White "Fluerariu, Radu-Cristian"]
[Black "PAVLOV, Vladimir"]
[Result "1-0"]
[WhiteElo "2021"]
[BlackElo "1903"]
[PlyCount "77"]
[EventDate "2016.??.??"]
[WhiteTeam "ALCOR"]
[BlackTeam "AN PASAN"]

1. e4 c5 2. c3 e6 3. Nf3 Nc6 4. d4 d5 5. e5 Qb6 6. Be2 cxd4 7. cxd4 Nge7 8. Na3
Nf5 9. Nc2 Nb4 10. Nxb4 Bxb4+ 11. Bd2 Nxd4 12. Nxd4 Qxd4 13. Qa4+ Bd7 14. Qxb4
Qxe5 15. Bf4 Qf5 16. O-O Bc6 17. Bg3 a6 18. a4 h5 19. h3 e5 20. Qd6 f6 21. Bxa6
Kf7 22. Bxb7 Bxb7 23. Qc7+ Kg6 24. Qxb7 h4 25. Bh2 d4 26. f3 Rhb8 27. Qd5 Qd3
28. Rfe1 Ra7 29. Bxe5 Qf5 30. Qxd4 Rbb7 31. Bf4 Kh5 32. Be3 Ra6 33. Bf2 g5 34.
b4 Qc2 35. b5 Ra8 36. Qxf6 Rxa4 37. Rxa4 Qxa4 38. b6 Qb5 39. Qh8+ 1-0

[Event "?"]
[Site "?"]
[Date "2016.12.28"]
[Round "6.3"]
[White "CHOLAKOV, Nikolay"]
[Black "Fluerariu, Radu-Cristian"]
[Result "0-1"]
[WhiteElo "1626"]
[BlackElo "1730"]
[PlyCount "74"]
[EventDate "2016.??.??"]

1. e4 d6 2. d4 Nf6 3. Nc3 c6 4. f3 Qb6 5. Bd3 Qxd4 6. Nge2 Qb6 7. a4 e5 8. a5
Qc7 9. Bc4 Be7 10. Be3 O-O 11. g4 Be6 12. Bxe6 fxe6 13. g5 Nfd7 14. f4 d5 15.
f5 d4 16. fxe6 Nc5 17. Nxd4 exd4 18. Bxd4 Nxe6 19. Be3 Bxg5 20. Bxg5 Nxg5 21.
Qg4 Nf3+ 22. Kd1 Qd6+ 23. Kc1 Qf4+ 24. Qxf4 Rxf4 25. Rf1 Rf8 26. h3 Na6 27. Ra4
Ne5 28. Rxf8+ Rxf8 29. Kd2 Nc5 30. Rb4 Ned7 31. Ke3 b6 32. axb6 axb6 33. Rd4
Ne5 34. Rd6 Nc4+ 35. Kd4 Nxd6 36. Ke5 Nc4+ 37. Kd4 Nxb2 0-1

[Event "?"]
[Site "?"]
[Date "2016.12.28"]
[Round "5.3"]
[White "Chivulescu, Adrian-Alexandru"]
[Black "Fluerariu, Radu-Cristian"]
[Result "0-1"]
[WhiteElo "1620"]
[BlackElo "1730"]
[PlyCount "40"]
[EventDate "2016.??.??"]

1. d4 d5 2. c4 e6 3. Nc3 c5 4. cxd5 cxd4 5. Qxd4 Nc6 6. Qd1 exd5 7. e3 Nf6 8.
Bb5 a6 9. Ba4 Bd6 10. Nf3 O-O 11. O-O Bc7 12. h3 Qd6 13. Bxc6 bxc6 14. Qd4 Re8
15. Qf4 Qe7 16. Qa4 Bd7 17. Bd2 Ne4 18. Qc2 Qd6 19. Ne2 Ng5 20. Bb4 Nxf3+ 0-1

[Event "?"]
[Site "?"]
[Date "2016.12.28"]
[Round "4.1"]
[White "Fluerariu, Radu-Cristian"]
[Black "GEORGIEV, Todor"]
[Result "0-1"]
[WhiteElo "1730"]
[BlackElo "1935"]
[PlyCount "78"]
[EventDate "2016.??.??"]

1. e4 c5 2. Be2 Nc6 3. f4 e6 4. Nf3 d5 5. d3 Nf6 6. e5 Ng8 7. O-O h5 8. c3 Nh6
9. Na3 Nf5 10. Nc2 Bd7 11. d4 h4 12. Bd3 g6 13. Bxf5 gxf5 14. Be3 b6 15. Bf2
Rc8 16. Qe1 Be7 17. Rd1 Na5 18. Kh1 Bb5 19. Rg1 Qd7 20. Ng5 Nc4 21. b3 Nb2 22.
Rb1 Nd3 23. Qd2 Nxf2+ 24. Qxf2 Bd3 25. Rbc1 Bxg5 26. fxg5 h3 27. Ne1 Be4 28.
Nf3 hxg2+ 29. Rxg2 cxd4 30. Nxd4 Rh3 31. Kg1 Bxg2 32. Kxg2 Rhxc3 33. Rxc3 Rxc3
34. Qh4 Qe7 35. Nb5 Rc2+ 36. Kg3 Qc5 37. Qh8+ Kd7 38. Nd6 Qg1+ 39. Kf4 Qf2# 0-1

[Event "?"]
[Site "?"]
[Date "2016.12.28"]
[Round "4.4"]
[White "Fluerariu, Radu-Cristian"]
[Black "NANOVSKI, Stiliyan"]
[Result "1-0"]
[WhiteElo "2021"]
[BlackElo "1781"]
[PlyCount "59"]
[EventDate "2016.??.??"]
[WhiteTeam "ALCOR"]
[BlackTeam "AN PASAN"]

1. e4 c6 2. d4 d5 3. Nc3 dxe4 4. Nxe4 Nd7 5. Bd3 Ngf6 6. Ng5 e6 7. N1f3 Bd6 8.
Qe2 h6 9. Ne4 Nxe4 10. Qxe4 Qc7 11. O-O b6 12. Re1 Bb7 13. Qe2 (13. Qh4 Nf6 14.
Ne5 O-O-O 15. a4 c5 16. a5 g5 17. axb6 axb6 18. Qg3 Nd7 19. Qh3 Nxe5 20. dxe5
Bxe5 21. Ba6 Bxa6 22. Rxa6 Qb7 23. Qa3 Bb8 24. b4 cxb4 25. Qa1 Rhe8 26. Be3 Rd6
27. Ra4 Red8 {Nikolenko,O (2450)-Izmukhambetov,S (2510) Moscow 1997 1-0 (40)})
13... O-O-O (13... c5 14. Be4 O-O 15. Bxb7 Qxb7 16. dxc5 Bxc5 17. b3 e5 18.
Nxe5 Rae8 19. Bb2 Nxe5 20. Bxe5 Bd4 21. Bxd4 Rxe2 22. Rxe2 Qd7 23. Rd1 Re8 24.
Red2 Qe6 25. Be3 f5 26. g3 Qe4 27. c4 g5 28. Rd4 {
Miturova,M (2149)-Tomczak,J (2579) Lazy 2015 0-1 (70)}) 14. Ne5 $146 (14. Ba6
Bxa6 15. Qxa6+ Kb8 16. Bd2 Rhe8 17. Bc3 {
1/2 (17) Vlasak,L (2375)-Villegas,P (2291) Pardubice 2014}) (14. a4 Rhe8 15.
Ne5 Nb8 16. a5 f6 17. axb6 axb6 18. Nf3 g5 19. h3 Qg7 20. Bc4 e5 21. dxe5 g4
22. hxg4 Qxg4 23. Bf7 c5 24. Bxe8 Rxe8 25. Ra3 Rxe5 26. Re3 Nd7 27. Rd1 Rxe3
28. fxe3 Bg3 {Kuipers,S (2283)-Hovenga,A (2186) Groningen 2007 0-1 (50)}) (14.
a4 a5 $11) 14... Bxe5 (14... Nxe5 $5 15. dxe5 Bc5 $11) 15. dxe5 $14 Nc5 (15...
c5 16. a4 $16) 16. Bc4 b5 (16... Rd4 17. f4 $16) 17. Bb3 (17. Qe3 bxc4 18. Qxc5
Rd5 19. Qxc4 Rhd8 $16) 17... Rd4 (17... a5 18. Qe3 Nxb3 19. axb3 $16) 18. f3
$16 a5 19. Be3 Qxe5 (19... Nxb3 $5 20. axb3 Rd5 $16) 20. Bxd4 (20. Qf2 Nxb3 21.
Bxd4 Qxd4 22. axb3 Qxb2 $18) 20... Qxd4+ $16 21. Kh1 Qxb2 22. Qe3 Nxb3 (22...
Na6 $5 $16) 23. cxb3 $18 (23. axb3 $6 Rd8 24. Rad1 Qf6 $18) (23. Qxb3 $6 Qxb3
24. axb3 Rd8 $16) 23... Rd8 (23... Qf6 24. Rad1 $18) 24. Rad1 Qf6 25. a4 Qe7
26. axb5 cxb5 27. Qb6 a4 $4 28. Rxd8+ Qxd8 29. Rc1+ Kd7 30. Qxb7+ 1-0

[Event "?"]
[Site "?"]
[Date "2016.12.28"]
[Round "3.3"]
[White "Fluerariu, Radu-Cristian"]
[Black "STOYANOV, Georgi"]
[Result "1-0"]
[WhiteElo "1730"]
[BlackElo "1868"]
[PlyCount "83"]
[EventDate "2016.??.??"]

1. e4 d6 2. d4 e6 3. Nc3 g6 4. f4 Bg7 5. Nf3 Ne7 6. Bd3 O-O 7. O-O Nd7 8. Qe1
c5 9. Be3 Nc6 10. d5 exd5 11. exd5 Nb4 12. Nb5 Nf6 13. c4 Nxd3 14. Qd2 Bf5 15.
h3 Nb4 16. g4 Be4 17. Ng5 a6 18. Nc3 Bd3 19. Rf2 h6 20. a3 hxg5 21. axb4 Ne4
22. Qxd3 Nxf2 23. Bxf2 gxf4 24. bxc5 dxc5 25. Bxc5 Re8 26. Rf1 Qh4 27. Bf2 Qf6
28. Ne4 Qxb2 29. Nd6 Re2 30. c5 Rxf2 31. Rxf2 Bd4 32. Qf3 Bxf2+ 33. Qxf2 Qxf2+
34. Kxf2 Kf8 35. Nxb7 a5 36. c6 a4 37. d6 a3 38. c7 Ke8 39. Nc5 a2 40. d7+ Ke7
41. c8=Q a1=Q 42. d8=Q# 1-0